| 000 | 01158nam0a22002531 4500 | ||
|---|---|---|---|
| 001 | rc\4790804 | ||
| 005 | 20250613071910.0 | ||
| 035 | _a(NLR Aleph) 009007562 | ||
| 090 |
_a9346688 _c9346688 |
||
| 100 | _a20130417d1964 |||y0rusy50 ca | ||
| 101 | 0 | _arus | |
| 102 | _aRU | ||
| 105 | _ab z ||||| | ||
| 200 | 1 |
_aОнежское озеро _eВысота ветровых волн по основным судовым ходам озера при различной скорости и направлении ветра _e(В помощь судоводителю) _fПод ред. П.Л. Медреса _gГл. упр. гидрометеорол. службы при Совете Министров СССР. Сев.-Зап. упр. гидрометслужбы |
|
| 210 |
_aЛенинград _cБ. и. _d1964 |
||
| 215 |
_a78 с. _cкарт., граф. _d30 |
||
| 300 | _aОтпеч. множит. аппаратом | ||
| 333 | _aДля служебного пользования. Экз. № 117 | ||
| 702 | 1 |
_aМедрес _bП.Л. _4340 |
|
| 801 | 0 |
_aRU _bNLR _gpsbo |
|
| 801 | 1 |
_aRU _bELAR _2rusmarc |
|
| 852 |
_aNLR _j64-8/2391 |
||
| 942 | _cBOOK | ||
| 980 | _aNB | ||